Problematickosť formovania znalostnej ekonomiky z pohľadu ekonomickej teórie

Implikácie moderných teórií spotreby a úspor na formovanie finančných zdrojov nevyhnutných k dosahovaniu tohto cieľa. Identifikácia špecifík tvorby a alokácie verejných zdrojov na tieto účely pri využití metodologického prístupu teórie verejnej voľby. Analýza teoretických koncepcií v kontexte akumul...

Ausführliche Beschreibung

Gespeichert in:
Bibliographische Detailangaben
1. Verfasser: Rozborilová, Dária
Weitere Verfasser: Čaplánová, Anetta, 1967-
Format: Buchkapitel
Sprache:Slowakisch
Schlagworte:
Tags: Tag hinzufügen
Keine Tags, Fügen Sie das erste Tag hinzu!

MARC

LEADER 00000nla$a2200000$$$4500
001 0053564
005 20240502071624.2
041 0 |a slo 
044 |a SK 
245 1 0 |a Problematickosť formovania znalostnej ekonomiky z pohľadu ekonomickej teórie  |c Dária Rozborilová, Anetta Čaplánová 
520 |a Implikácie moderných teórií spotreby a úspor na formovanie finančných zdrojov nevyhnutných k dosahovaniu tohto cieľa. Identifikácia špecifík tvorby a alokácie verejných zdrojov na tieto účely pri využití metodologického prístupu teórie verejnej voľby. Analýza teoretických koncepcií v kontexte akumulácie ľudského kapitálu v procese formálneho vzdelávania v SR a formulácia hospodársko-politických odporúčaní nevyhnutných k dosahovaniu stanovených cieľov. 
610 2 0 |a ekonomika vedomostná 
610 2 0 |a teórie ekonomické 
610 2 0 |a alokácia faktorov výrobných 
610 2 0 |a kapitál ľudský 
610 2 0 |a Slovensko 
610 2 0 |a vzdelávanie 
610 2 0 |a vzdelávanie celoživotné 
100 1 |a Rozborilová, Dária 
700 1 |a Čaplánová, Anetta, 1967-